Quick Pick: Harry Potter Screenshots Quiz Stats

 Plays Quiz Updated Aug 28, 2019

Score 0/8 Timer 00:45
1 Play Today
% Correct
Harry Potter and the Philosopher's Stone
94.1%
Harry Potter and the Chamber of Secrets
84.8%
Harry Potter and the Goblet of Fire
77.6%
Harry Potter and the Deathly Hallows – Part 2
74.7%
Harry Potter and the Order of the Phoenix
72.6%
Harry Potter and the Prisoner of Azkaban
72.3%
Harry Potter and the Deathly Hallows – Part 1
63.9%
Harry Potter and the Half-Blood Prince
62.1%

Today's Daily Dose

Missing Word
Sherlocks

Word Ladder
King of the Hill

Quick Pick
Songs in Pink

Get the Picture
NBA Teammates

You're not logged in!

Compare scores with friends on all Sporcle quizzes.
OR
Log In

Sporcle TV

Today on Sporcle TV


Watch our educational content, quiz creation guides, and fun videos on Sporcle TV.

Show Comments

Extras

Top Quizzes Today


Score Distribution

Your Account Isn't Verified!

In order to create a playlist on Sporcle, you need to verify the email address you used during registration. Go to your Sporcle Settings to finish the process.

Report this User

Report this user for behavior that violates our Community Guidelines.

Details: